Porovnanie produkcie Slovenskej Republiky a inej krajiny bakalárska práca

Gespeichert in:
Bibliographische Detailangaben
1. Verfasser: Kyseľ, Ján
Körperschaft: Fakulta hospodárskej informatiky EU. Katedra operačného výskumu a ekonometrie
Weitere Verfasser: Blaško, Michaela
Format: Buch
Sprache:Slowakisch
Veröffentlicht: Bratislava 2016
Tags: Tag hinzufügen
Keine Tags, Fügen Sie das erste Tag hinzu!

MARC

LEADER 00000nbm a2200000 4500
001 0219218
005 20170215100214.0
041 0 |a slo 
044 |a SK 
245 1 0 |a Porovnanie produkcie Slovenskej Republiky a inej krajiny  |b bakalárska práca  |c Ján Kyseľ ; školiteľ: Michaela Blaško 
264 1 |a Bratislava  |c 2016 
300 |a 52 s. 
100 1 |a Kyseľ, Ján 
700 1 |a Blaško, Michaela 
710 2 |a Fakulta hospodárskej informatiky EU. Katedra operačného výskumu a ekonometrie